[Event "CZE-tht Extraliga 2018-19"]
[Site "Czech Republic"]
[Date "2019.02.10"]
[Round "8.4"]
[White "Langner, Ladislav"]
[Black "Bernasek, Jan"]
[Result "0-1"]
[WhiteElo "2391"]
[BlackElo "2475"]
[Annotator "ChessBase"]
[PlyCount "70"]
[EventDate "2018.11.03"]
[EventType "team-tourn"]
[EventCountry "CZE"]
[SourceTitle "playchess.com"]
[Source "ChessBase"]
[SourceQuality "1"]
[WhiteTeam "Cesky Tesin"]
[BlackTeam "Siesta"]
[TimeControl "40/5400+30:1800+30"]

1. e4 {[%emt 0:00:56]} c6 {[%emt 0:00:00]} 2. d4 {[%emt 0:00:06]} d5 {[%emt 0:00:00]} 3. e5 {[%emt 0:00:13]} Bf5 {[%emt 0:00:02]} 4. Nd2 {[%emt 0:00:58]} e6 {[%emt 0:00:07]} 5. Nb3 {[%emt 0:00:20]} Nd7 {[%emt 0:00:08]} 6. Nf3 {[%emt 0:01:24]} Ne7 {[%emt 0:00:14]} 7. Be3 {[%emt 0:01:48]} Nc8 {[%emt 0:02:12]} 8. a4 {[%emt 0:04:35]} Be7 {[%emt 0:01:54]} 9. Be2 {[%emt 0:02:01]} a6 {[%emt 0:01:57]} 10. O-O {[%emt 0:00:31]} O-O {[%emt 0:00:13]} 11. Nfd2 {[%emt 0:04:56]} f6 {[%emt 0:07:27]} 12. f4 {[%emt 0:02:09]} fxe5 {[%emt 0:05:04]} 13. fxe5 {[%emt 0:00:48]} Qe8 {[%emt 0:05:49]} 14. c4 {[%emt 0:08:09]} dxc4 {[%emt 0:05:42]} 15. Bxc4 {[%emt 0:00:48]} Qg6 {[%emt 0:02:16]} 16. Na5 {[%emt 0:07:21]} Ncb6 {[%emt 0:04:45]} 17. Nxb7 {[%emt 0:09:27]} Nxc4 {[%emt 0:02:33]} 18. Nxc4 {[%emt 0:00:47]} Bd3 {[%emt 0:00:41]} 19. Rxf8+ {[%emt 0:01:01]} Rxf8 {[%emt 0:00:17]} 20. Nd2 {[%emt 0:01:56]} Nb6 {[%emt 0:05:31]} 21. Nc5 {[%emt 0:13:29]} Nd5 {[%emt 0:07:22]} 22. Qe1 {[%emt 0:00:03]} Rb8 {[%emt 0:11:16]} 23. Ra3 {[%emt 0:06:54]} Bxc5 {[%emt 0:02:01]} 24. dxc5 {[%emt 0:00:08]} Rxb2 {[%emt 0:00:53]} 25. Qh4 {[%emt 0:07:52]} Rb8 {[%emt 0:09:53]} 26. Qd4 {[%emt 0:05:04]} Bf5 {[%emt 0:01:33]} 27. Qc4 {[%emt 0:05:55]} a5 {[%emt 0:07:18]} 28. Rb3 {[%emt 0:00:59]} Rxb3 {[%emt 0:01:35]} 29. Qxb3 {[%emt 0:00:05]} Bh3 {[%emt 0:01:24]} 30. g3 {[%emt 0:01:58]} h6 {[%emt 0:01:10]} 31. Bd4 {[%emt 0:01:16]} Bf5 {[%emt 0:03:13]} 32. Qb7 {[%emt 0:03:43]} Qg4 {[%emt 0:00:22]} 33. Qb2 {[%emt 0:03:51]} Qd1+ {[%emt 0:02:03]} 34. Kf2 {[%emt 0:01:22]} Bd3 {[%emt 0:00:19]} 35. h4 {[%emt 0:01:47]} Qh1 {[%emt 0:00:36]} 0-1

[Event "CZE-tht Extraliga 2018-19"]
[Site "Czech Republic"]
[Date "2019.02.10"]
[Round "8.5"]
[White "Laznicka, Viktor"]
[Black "Rausis, Igors"]
[Result "1/2-1/2"]
[WhiteElo "2670"]
[BlackElo "2659"]
[Annotator "TA"]
[PlyCount "40"]
[EventDate "2018.11.03"]
[EventType "team-tourn"]
[EventCountry "CZE"]
[SourceTitle "playchess.com"]
[Source "ChessBase"]
[SourceQuality "1"]
[WhiteTeam "Novoborsky"]
[BlackTeam "Beskydska"]

{[%evp 31,40,16,31,31,18,0,0,0,0,-24,-29]} 1. c4 Nf6 2. Nf3 g6 3. g3 Bg7 4. Bg2 O-O 5. d4 d5 6. cxd5 Nxd5 7. O-O Nb6 8. Nc3 Nc6 {[%cal Bb8c6,Bc6e7,Be7f5,Bf5d4][%mdl 32]} 9. e3 e5 10. d5 Ne7 11. e4 Bg4 12. h3 Bxf3 13. Qxf3 c6 14. Rd1 cxd5 15. exd5 Nf5 16. d6 Rb8 17. Qd3 {D76: Fianchetto Grünfeld: Main Line with 7...Nb6} Qd7 {[#]} 18. a4 $146 ({Predecessor:} 18. f4 Rfd8 19. Ne4 Qe6 20. fxe5 Bxe5 21. Bf4 Bxf4 22. gxf4 Rbc8 23. b3 Rd7 24. a4 Nxd6 25. a5 Na8 26. Qd4 {1-0 (26) Vorobiov,E (2558)-Krivenko,S (2339) Moscow 2011}) 18... Rfc8 19. Ne4 {Threatens to win with a5.} Nd4 $1 20. Bg5 Nxa4 1/2-1/2

[Event "CZE-tht Extraliga 2018-19"]
[Site "Czech Republic"]
[Date "2019.02.10"]
[Round "8.5"]
[White "Oral, Tomas"]
[Black "Blatny, Pavel"]
[Result "1-0"]
[WhiteElo "2510"]
[BlackElo "2337"]
[Annotator "ChessBase"]
[PlyCount "81"]
[EventDate "2018.11.03"]
[EventType "team-tourn"]
[EventCountry "CZE"]
[SourceTitle "playchess.com"]
[Source "ChessBase"]
[SourceQuality "1"]
[WhiteTeam "Lysa nad Labem"]
[BlackTeam "Brno"]
[TimeControl "40/5400+30:1800+30"]

1. e4 {[%emt 0:00:00]} e6 {[%emt 0:00:00]} 2. d4 {[%emt 0:00:14]} d5 {[%emt 0:00:00]} 3. Nd2 {[%emt 0:00:19]} dxe4 {[%emt 0:00:00]} 4. Nxe4 {[%emt 0:00:06]} Nd7 {[%emt 0:00:00]} 5. Nf3 {[%emt 0:05:33]} Ngf6 {[%emt 0:00:05]} 6. Nxf6+ {[%emt 0:00:18]} Nxf6 {[%emt 0:00:02]} 7. Bg5 {[%emt 0:00:09]} c5 {[%emt 0:05:42]} 8. Bc4 {[%emt 0:15:04]} a6 {[%emt 0:04:33]} 9. Qe2 {[%emt 0:04:02]} b5 {[%emt 0:07:29]} 10. Bd3 {[%emt 0:00:33]} Qa5+ {[%emt 0:00:23]} 11. c3 {[%emt 0:06:37]} cxd4 {[%emt 0:08:26]} 12. Bxf6 {[%emt 0:10:17]} gxf6 {[%emt 0:00:10]} 13. Nxd4 {[%emt 0:00:04]} b4 {[%emt 0:01:59]} 14. Be4 {[%emt 0:08:17]} bxc3 {[%emt 0:06:07]} 15. b4 {[%emt 0:01:18]} Qxb4 {[%emt 0:01:32]} 16. O-O {[%emt 0:20:53]} Qxd4 {[%emt 0:04:03]} 17. Rfd1 {[%emt 0:02:00]} Qc5 {[%emt 0:01:54]} 18. Bxa8 {[%emt 0:04:50]} Bh6 {[%emt 0:03:39]} 19. Qc2 {[%emt 0:02:34]} f5 {[%emt 0:04:25]} 20. Qa4+ {[%emt 0:00:58]} Kf8 {[%emt 0:00:18]} 21. Qh4 {[%emt 0:05:22]} Bd2 {[%emt 0:07:49]} 22. Rxd2 {[%emt 0:00:06]} cxd2 {[%emt 0:00:10]} 23. Qd8+ {[%emt 0:00:04]} Kg7 {[%emt 0:00:16]} 24. Qg5+ {[%emt 0:00:01]} Kf8 {[%emt 0:00:09]} 25. Qd8+ {[%emt 0:00:03]} Kg7 {[%emt 0:00:11]} 26. Qg5+ {[%emt 0:00:02]} Kf8 {[%emt 0:00:12]} 27. Qxd2 {[%emt 0:01:24]} Qa7 {[%emt 0:10:39]} 28. Qc3 {[%emt 0:02:40]} Qxa8 {[%emt 0:03:25]} 29. Qxh8+ {[%emt 0:00:05]} Ke7 {[%emt 0:00:06]} 30. Rc1 {[%emt 0:00:42]} Bb7 {[%emt 0:01:36]} 31. Rc7+ {[%emt 0:01:00]} Kd6 {[%emt 0:00:31]} 32. Qxa8 {[%emt 0:01:58]} Bxa8 {[%emt 0:00:01]} 33. Rxf7 {[%emt 0:02:03]} Bd5 {[%emt 0:00:17]} 34. a3 {[%emt 0:00:04]} h5 {[%emt 0:02:08]} 35. Rh7 {[%emt 0:00:06]} Kc5 {[%emt 0:00:19]} 36. Rxh5 {[%emt 0:00:24]} Kb5 {[%emt 0:00:29]} 37. Rh7 {[%emt 0:00:20]} Ka4 {[%emt 0:00:18]} 38. Ra7 {[%emt 0:00:11]} Bc4 {[%emt 0:00:07]} 39. h4 {[%emt 0:00:12]} f4 {[%emt 0:01:38]} 40. h5 {[%emt 0:00:11]} Bd3 {[%emt 0:00:09]} 41. h6 {[%emt 0:30:07]} 1-0

[Event "CZE-tht Extraliga 2018-19"]
[Site "Czech Republic"]
[Date "2019.02.10"]
[Round "8.5"]
[White "Jurcik, Marian"]
[Black "Mrazek, Lumir"]
[Result "1/2-1/2"]
[WhiteElo "2464"]
[BlackElo "2365"]
[Annotator "TA"]
[PlyCount "62"]
[EventDate "2018.11.03"]
[EventType "team-tourn"]
[EventCountry "CZE"]
[SourceTitle "playchess.com"]
[Source "ChessBase"]
[SourceQuality "1"]
[WhiteTeam "Siesta"]
[BlackTeam "Cesky Tesin"]

{[%evp 10,62,7,0,0,0,0,0,0,0,18,0,0,4,34,29,42,14,12,10,9,-6,-6,-5,-7,-6,39,39,56,0,0,0,0,0,0,0,0,-2,0,-16,-9,-31,-27,-32,-28,-17,0,0,0,0,0,0,0,0,0]} 1. e4 c5 2. Ne2 Nf6 3. Nbc3 d5 4. exd5 Nxd5 5. Nxd5 Qxd5 6. d4 e5 {[%cal Rc5d4] B20: Sicilian: Unusual White 2nd moves} 7. Nc3 Qxd4 8. Be3 (8. Bd3 Bg4 9. f3 Be6 10. Qe2 Nc6 11. Be3 Qd7 12. O-O-O O-O-O 13. Bb5 Qc7 14. Rxd8+ Kxd8 {½-½ (32) Morozevich,A (2683)-Gelfand,B (2720) Novi Sad 2016}) 8... Qxd1+ 9. Rxd1 Be6 10. Nb5 Na6 11. g3 Bd7 $146 ({Predecessor:} 11... Rd8 12. Bg2 Rd7 13. Rxd7 Kxd7 14. Bxb7 {1-0 (47) Los,A (2368)-Rawlings,A (2368) ICCF email 2016}) 12. Bc4 {[%mdl 1024] White has compensation.} Bc6 13. O-O $36 {[%mdl 2048] White has some pressure.} Bf3 $1 14. Rd2 Be7 15. Bd5 Bxd5 16. Rxd5 f6 $1 17. f4 e4 18. a3 Kf7 19. Rd7 ({White should play} 19. f5 $14) 19... Rhd8 $11 20. Rxb7 Rab8 21. Rxb8 Rxb8 22. c4 Rb7 23. f5 Nb8 24. Bc1 Nc6 (24... a6 $5 25. Nc3 $8 Nc6 $11) 25. Nc3 Ne5 26. Nxe4 Nxc4 27. Rf2 Rd7 {The position is equal.} 28. Rc2 Rd4 29. Nf2 Ne5 30. Kg2 h5 31. h3 a6 {Accuracy: White = 71%, Black = 73%.} 1/2-1/2

[Event "CZE-tht Extraliga 2018-19"]
[Site "Czech Republic"]
[Date "2019.02.10"]
[Round "8.5"]
[White "Kanovsky, David"]
[Black "Jirovsky, Milos"]
[Result "1-0"]
[WhiteElo "2424"]
[BlackElo "2455"]
[Annotator "ChessBase"]
[PlyCount "121"]
[EventDate "2018.11.03"]
[EventType "team-tourn"]
[EventCountry "CZE"]
[SourceTitle "playchess.com"]
[Source "ChessBase"]
[SourceQuality "1"]
[WhiteTeam "Poruba"]
[BlackTeam "Pardubice"]
[TimeControl "40/5400+30:1800+30"]

1. e4 {[%emt 0:00:00]} d5 {[%emt 0:00:00]} 2. exd5 {[%emt 0:00:00]} Qxd5 {[%emt 0:00:00]} 3. Nc3 {[%emt 0:00:08]} Qd6 {[%emt 0:00:06]} 4. d4 {[%emt 0:00:14]} Nf6 {[%emt 0:00:05]} 5. Nf3 {[%emt 0:01:38]} c6 {[%emt 0:00:13]} 6. Ne5 {[%emt 0:04:45]} Nbd7 {[%emt 0:00:11]} 7. Bf4 {[%emt 0:09:25]} Nd5 {[%emt 0:00:15]} 8. Nxd5 {[%emt 0:01:44]} Qxd5 {[%emt 0:02:28]} 9. Be2 {[%emt 0:09:40]} Nxe5 {[%emt 0:01:18]} 10. Bxe5 {[%emt 0:00:47]} f6 {[%emt 0:13:13]} 11. Bg3 {[%emt 0:04:33]} Bh3 {[%emt 0:01:47]} 12. Bf3 {[%emt 0:09:17]} Qe6+ {[%emt 0:00:32]} 13. Qe2 {[%emt 0:06:30]} Qxe2+ {[%emt 0:01:30]} 14. Kxe2 {[%emt 0:00:06]} Bf5 {[%emt 0:00:47]} 15. c4 {[%emt 0:05:53]} e6 {[%emt 0:01:04]} 16. Rhd1 {[%emt 0:05:58]} Rd8 {[%emt 0:03:03]} 17. Rac1 {[%emt 0:02:31]} Bd6 {[%emt 0:02:51]} 18. Ke3 {[%emt 0:00:50]} Kf7 {[%emt 0:01:15]} 19. Bxd6 {[%emt 0:03:01]} Rxd6 {[%emt 0:00:03]} 20. b4 {[%emt 0:00:10]} Rhd8 {[%emt 0:02:50]} 21. a4 {[%emt 0:02:19]} e5 {[%emt 0:09:30]} 22. d5 {[%emt 0:03:00]} cxd5 {[%emt 0:01:20]} 23. Rxd5 {[%emt 0:01:09]} Rxd5 {[%emt 0:01:34]} 24. Bxd5+ {[%emt 0:00:28]} Be6 {[%emt 0:00:47]} 25. a5 {[%emt 0:04:26]} b6 {[%emt 0:10:37]} 26. axb6 {[%emt 0:00:17]} axb6 {[%emt 0:00:01]} 27. Ke4 {[%emt 0:00:24]} b5 {[%emt 0:01:53]} 28. Rd1 {[%emt 0:03:33]} Ke7 {[%emt 0:02:59]} 29. c5 {[%emt 0:05:44]} Rd7 {[%emt 0:11:05]} 30. f3 {[%emt 0:03:24]} h5 {[%emt 0:07:21]} 31. h4 {[%emt 0:01:14]} g6 {[%emt 0:03:43]} 32. g3 {[%emt 0:08:11]} Kd8 {[%emt 0:01:24]} 33. f4 {[%emt 0:01:13]} exf4 {[%emt 0:01:26]} 34. gxf4 {[%emt 0:00:01]} Kc7 {[%emt 0:02:13]} 35. Rd4 {[%emt 0:00:14]} Bf5+ {[%emt 0:04:09]} 36. Ke3 {[%emt 0:00:12]} Re7+ {[%emt 0:00:18]} 37. Kf2 {[%emt 0:00:37]} Rd7 {[%emt 0:00:44]} 38. Ke3 {[%emt 0:00:53]} Re7+ {[%emt 0:00:04]} 39. Be4 {[%emt 0:03:07]} Bd7 {[%emt 0:05:27]} 40. Kd2 {[%emt 0:01:21]} Rg7 {[%emt 0:02:19]} 41. Rd6 {[%emt 0:07:54]} g5 {[%emt 0:00:08]} 42. hxg5 {[%emt 0:00:51]} fxg5 {[%emt 0:00:01]} 43. f5 {[%emt 0:01:20]} Rf7 {[%emt 0:04:39]} 44. f6 {[%emt 0:00:18]} h4 {[%emt 0:00:07]} 45. Bd5 {[%emt 0:00:52]} Rf8 {[%emt 0:00:04]} 46. f7 {[%emt 0:00:33]} g4 {[%emt 0:00:04]} 47. Rg6 {[%emt 0:02:35]} Kd8 {[%emt 0:00:34]} 48. c6 {[%emt 0:01:27]} Bc8 {[%emt 0:00:50]} 49. Ke3 {[%emt 0:01:19]} h3 {[%emt 0:00:25]} 50. Kf2 {[%emt 0:03:19]} Ke7 {[%emt 0:00:43]} 51. Kg3 {[%emt 0:01:10]} Bf5 {[%emt 0:01:26]} 52. Rg5 {[%emt 0:03:14]} Be6 {[%emt 0:01:13]} 53. Bxe6 {[%emt 0:01:15]} Kxe6 {[%emt 0:00:03]} 54. c7 {[%emt 0:00:05]} h2 {[%emt 0:01:34]} 55. Kxh2 {[%emt 0:00:36]} Rh8+ {[%emt 0:00:08]} 56. Kg3 {[%emt 0:00:56]} Kxf7 {[%emt 0:00:36]} 57. Rxb5 {[%emt 0:00:09]} Rc8 {[%emt 0:00:00]} 58. Rb7 {[%emt 0:01:04]} Ke6 {[%emt 0:00:41]} 59. b5 {[%emt 0:00:02]} Kd7 {[%emt 0:00:10]} 60. b6 {[%emt 0:00:02]} Rf8 {[%emt 0:00:06]} 61. Rb8 {[%emt 0:00:13]} 1-0

[Event "CZE-tht Extraliga 2018-19"]
[Site "Czech Republic"]
[Date "2019.02.10"]
[Round "8.5"]
[White "Kuba, Jindrich"]
[Black "Roubalik, Jakub"]
[Result "1/2-1/2"]
[WhiteElo "2310"]
[BlackElo "2412"]
[Annotator "NA"]
[PlyCount "104"]
[EventDate "2018.11.03"]
[EventType "team-tourn"]
[EventCountry "CZE"]
[SourceTitle "playchess.com"]
[Source "ChessBase"]
[SourceQuality "1"]
[WhiteTeam "Siesta B"]
[BlackTeam "Duras"]
[TimeControl "40/5400+30:1800+30"]

1. e4 {[%emt 0:00:00]} e5 {[%emt 0:01:35]} 2. Nf3 {[%emt 0:00:00]} Nc6 {[%emt 0:00:05]} 3. Bb5 {[%emt 0:00:00]} a6 {[%emt 0:00:05]} 4. Ba4 {[%emt 0:00:00]} Nf6 {[%emt 0:00:06]} 5. O-O {[%emt 0:00:46]} Be7 {[%emt 0:00:10]} 6. Re1 {[%emt 0:00:55]} b5 {[%emt 0:00:06]} 7. Bb3 {[%emt 0:00:04]} O-O {[%emt 0:00:24]} 8. d3 {[%emt 0:04:04]} d6 {[%emt 0:07:44]} 9. h3 {[%emt 0:00:06]} Na5 {[%emt 0:01:26]} 10. Nbd2 {[%emt 0:00:07]} Nxb3 {[%emt 0:02:27]} 11. axb3 {[%emt 0:00:08]} Re8 {[%emt 0:01:17]} 12. Nf1 {[%emt 0:00:05]} Bf8 {[%emt 0:00:32]} 13. c4 {[%emt 0:00:59]} Bb7 {[%emt 0:06:18]} 14. Bg5 {[%emt 0:00:51]} h6 {[%emt 0:20:22]} 15. Bd2 {[%emt 0:02:45]} g6 {[%emt 0:01:31]} 16. Qc1 {[%emt 0:01:41]} Kh7 {[%emt 0:02:08]} 17. Ng3 {[%emt 0:03:02]} Qd7 {[%emt 0:04:46]} 18. Nh4 {[%emt 0:05:00]} Qd8 {[%emt 0:05:06]} 19. Nf3 {[%emt 0:02:06]} Nd7 {[%emt 0:01:45]} 20. Nh2 {[%emt 0:00:24]} Nc5 {[%emt 0:01:08]} 21. Qc2 {[%emt 0:00:04]} Ne6 {[%emt 0:02:45]} 22. Ne2 {[%emt 0:15:19]} Bg7 {[%emt 0:04:20]} 23. Ra5 {[%emt 0:09:56]} c6 {[%emt 0:05:10]} 24. Ra3 {[%emt 0:02:28]} a5 {[%emt 0:15:09]} 25. Rea1 {[%emt 0:02:00]} b4 {[%emt 0:00:11]} 26. R3a2 {[%emt 0:00:01]} d5 {[%emt 0:03:16]} 27. Nf1 {[%emt 0:06:08]} dxe4 {[%emt 0:05:20]} 28. dxe4 {[%emt 0:00:05]} c5 {[%emt 0:00:32]} 29. Nfg3 {[%emt 0:03:44]} Bc6 {[%emt 0:03:07]} 30. f3 {[%emt 0:04:49]} Kg8 {[%emt 0:02:32]} 31. Nf1 {[%emt 0:03:08]} Nd4 {[%emt 0:01:09]} 32. Nxd4 {[%emt 0:00:23]} cxd4 {[%emt 0:00:09]} 33. Qd3 {[%emt 0:00:30]} Rf8 {[%emt 0:00:25]} 34. Ng3 {[%emt 0:00:48]} h5 {[%emt 0:00:37]} 35. Nh1 {[%emt 0:03:29]} Qb6 {[%emt 0:01:48]} 36. Nf2 {[%emt 0:00:23]} f5 {[%emt 0:01:31]} 37. Re1 {[%emt 0:01:28]} Qc5 {[%emt 0:00:40]} 38. Kh2 {[%emt 0:02:00]} Rf7 {[%emt 0:00:26]} 39. Qc2 {[%emt 0:03:25]} Qb6 {[%emt 0:00:40]} 40. Qd3 {[%emt 0:01:33]} Qc5 {[%emt 0:00:13]} 41. Rea1 {[%emt 0:31:41]} Qb6 {[%emt 0:10:53]} 42. Re1 {[%emt 0:00:00]} Qc5 {[%emt 0:13:27]} 43. Rea1 {[%emt 0:00:00]} Bf8 {[%emt 0:00:33]} 44. Bg5 {[%emt 0:00:00]} Bd6 {[%emt 0:01:04]} 45. Kh1 {[%emt 0:00:00]} Bc7 {[%emt 0:00:46]} 46. Rg1 {[%emt 0:00:00]} Qb6 {[%emt 0:01:09]} 47. Raa1 {[%emt 0:00:00]} Qb7 {[%emt 0:00:17]} 48. Rae1 {[%emt 0:00:00]} Raf8 {[%emt 0:01:46]} 49. Bh6 {[%emt 0:00:00]} Rd8 {[%emt 0:00:46]} 50. Bg5 {[%emt 0:00:00]} Rdf8 {[%emt 0:01:26]} 51. Bh6 {[%emt 0:00:00]} Rd8 {[%emt 0:01:25]} 52. Bg5 {[%emt 0:00:00]} Re8 1/2-1/2

[Event "CZE-tht Extraliga 2018-19"]
[Site "Czech Republic"]
[Date "2019.02.10"]
[Round "8.5"]
[White "Skalsky, Alexandr"]
[Black "Jaracz, Pawel"]
[Result "1/2-1/2"]
[WhiteElo "2102"]
[BlackElo "2464"]
[Annotator "ChessBase"]
[PlyCount "62"]
[EventDate "2018.11.03"]
[EventType "team-tourn"]
[EventCountry "CZE"]
[SourceTitle "playchess.com"]
[Source "ChessBase"]
[SourceQuality "1"]
[WhiteTeam "Ostrava"]
[BlackTeam "Turnov"]
[TimeControl "40/5400+30:1800+30"]

1. e4 {[%emt 0:00:00]} c6 {[%emt 0:00:00]} 2. d4 {[%emt 0:00:00]} d5 {[%emt 0:00:00]} 3. exd5 {[%emt 0:00:00]} cxd5 {[%emt 0:00:00]} 4. Bd3 {[%emt 0:00:00]} Nc6 {[%emt 0:00:27]} 5. c3 {[%emt 0:00:02]} Qc7 {[%emt 0:02:01]} 6. Ne2 {[%emt 0:02:18]} Bg4 {[%emt 0:00:48]} 7. O-O {[%emt 0:03:48]} e6 {[%emt 0:03:17]} 8. Qe1 {[%emt 0:13:07]} Bxe2 {[%emt 0:15:36]} 9. Qxe2 {[%emt 0:00:10]} Bd6 {[%emt 0:00:18]} 10. h3 {[%emt 0:19:25]} Nf6 {[%emt 0:06:10]} 11. Nd2 {[%emt 0:04:53]} O-O {[%emt 0:06:04]} 12. Nf3 {[%emt 0:11:34]} Rfe8 {[%emt 0:13:08]} 13. Be3 {[%emt 0:01:43]} a6 {[%emt 0:00:53]} 14. Rad1 {[%emt 0:13:20]} b5 {[%emt 0:03:00]} 15. a3 {[%emt 0:00:17]} Na5 {[%emt 0:00:51]} 16. g4 {[%emt 0:09:37]} Nc4 {[%emt 0:00:42]} 17. Bg5 {[%emt 0:03:05]} Nd7 {[%emt 0:02:21]} 18. Bc1 {[%emt 0:02:15]} Bf4 {[%emt 0:01:13]} 19. Bxc4 {[%emt 0:08:41]} bxc4 {[%emt 0:02:46]} 20. Bxf4 {[%emt 0:01:30]} Qxf4 {[%emt 0:00:11]} 21. Qe3 {[%emt 0:02:42]} Qxe3 {[%emt 0:08:05]} 22. fxe3 {[%emt 0:00:00]} Rab8 {[%emt 0:00:08]} 23. Rf2 {[%emt 0:00:06]} Rb7 {[%emt 0:02:28]} 24. e4 {[%emt 0:02:03]} Nf6 {[%emt 0:02:08]} 25. exd5 {[%emt 0:01:16]} exd5 {[%emt 0:00:05]} 26. Re1 {[%emt 0:00:16]} Rxe1+ {[%emt 0:03:39]} 27. Nxe1 {[%emt 0:00:01]} Ne4 {[%emt 0:00:05]} 28. Re2 {[%emt 0:00:35]} Kf8 {[%emt 0:05:58]} 29. Ng2 {[%emt 0:00:02]} Ng3 {[%emt 0:00:58]} 30. Re3 {[%emt 0:00:16]} Ne4 {[%emt 0:00:05]} 31. Re2 {[%emt 0:00:06]} Ng3 {[%emt 0:00:45]} 1/2-1/2

[Event "CZE-tht Extraliga 2018-19"]
[Site "Czech Republic"]
[Date "2019.02.10"]
[Round "8.6"]
[White "Vlasak, Lukas"]
[Black "Richterova, Natasa"]
[Result "1-0"]
[WhiteElo "2416"]
[BlackElo "2216"]
[Annotator "NA"]
[PlyCount "111"]
[EventDate "2018.11.03"]
[EventType "team-tourn"]
[EventCountry "CZE"]
[SourceTitle "playchess.com"]
[Source "ChessBase"]
[SourceQuality "1"]
[WhiteTeam "Turnov"]
[BlackTeam "Ostrava"]
[TimeControl "40/5400+30:1800+30"]

1. d4 {[%emt 0:00:00]} d5 {[%emt 0:00:06]} 2. Bf4 {[%emt 0:00:00]} Nf6 {[%emt 0:00:33]} 3. e3 {[%emt 0:00:00]} c5 {[%emt 0:00:29]} 4. Nf3 {[%emt 0:05:53]} Nc6 {[%emt 0:01:34]} 5. Nbd2 {[%emt 0:01:23]} e6 {[%emt 0:27:05]} 6. c3 {[%emt 0:02:31]} Be7 {[%emt 0:00:25]} 7. Bd3 {[%emt 0:02:42]} O-O {[%emt 0:01:48]} 8. Ne5 {[%emt 0:10:02]} Bd7 {[%emt 0:01:44]} 9. Qf3 {[%emt 0:15:18]} Nxe5 {[%emt 0:08:26]} 10. dxe5 {[%emt 0:01:17]} Ne8 {[%emt 0:00:13]} 11. Qh3 {[%emt 0:00:28]} g6 {[%emt 0:01:49]} 12. Nf3 {[%emt 0:00:53]} Ng7 {[%emt 0:10:38]} 13. Qh6 {[%emt 0:03:06]} f6 {[%emt 0:02:53]} 14. h4 {[%emt 0:07:16]} Nf5 {[%emt 0:11:22]} 15. Bxf5 {[%emt 0:02:00]} exf5 {[%emt 0:05:56]} 16. exf6 {[%emt 0:05:00]} Bxf6 {[%emt 0:00:31]} 17. Ng5 {[%emt 0:00:15]} Qe7 {[%emt 0:08:31]} 18. Bd6 {[%emt 0:00:26]} Qg7 {[%emt 0:00:07]} 19. Qxg7+ {[%emt 0:02:29]} Kxg7 {[%emt 0:01:00]} 20. Bxf8+ {[%emt 0:00:09]} Rxf8 {[%emt 0:00:11]} 21. O-O-O {[%emt 0:00:13]} d4 {[%emt 0:00:51]} 22. exd4 {[%emt 0:01:02]} cxd4 {[%emt 0:00:10]} 23. Nf3 {[%emt 0:00:31]} Kf7 {[%emt 0:06:05]} 24. Nxd4 {[%emt 0:00:52]} b5 {[%emt 0:00:36]} 25. Rhe1 {[%emt 0:01:31]} Rc8 {[%emt 0:00:38]} 26. Nf3 {[%emt 0:01:36]} Be8 {[%emt 0:01:33]} 27. Kb1 {[%emt 0:02:21]} h6 {[%emt 0:00:51]} 28. Rd6 {[%emt 0:00:16]} Be7 {[%emt 0:04:56]} 29. Ra6 {[%emt 0:02:38]} Bc5 {[%emt 0:01:52]} 30. h5 {[%emt 0:14:23]} gxh5 {[%emt 0:00:43]} 31. Rxh6 {[%emt 0:00:24]} Kg7 {[%emt 0:00:02]} 32. Rhe6 {[%emt 0:00:25]} Bf7 {[%emt 0:00:10]} 33. R6e2 {[%emt 0:00:30]} b4 {[%emt 0:00:09]} 34. Rc2 {[%emt 0:07:21]} b3 {[%emt 0:00:30]} 35. axb3 {[%emt 0:00:08]} Bxb3 {[%emt 0:00:03]} 36. Rd2 {[%emt 0:00:17]} Kf6 {[%emt 0:00:57]} 37. Nd4 {[%emt 0:00:47]} Bg8 {[%emt 0:01:25]} 38. f4 {[%emt 0:00:55]} Bd6 {[%emt 0:00:55]} 39. g3 {[%emt 0:00:14]} Bb8 {[%emt 0:00:19]} 40. Nf3 {[%emt 0:00:38]} a5 {[%emt 0:00:48]} 41. Ne5 {[%emt 0:33:04]} Be6 {[%emt 0:03:57]} 42. Rh2 {[%emt 0:00:00]} Rh8 {[%emt 0:02:45]} 43. Reh1 {[%emt 0:00:00]} Bxe5 {[%emt 0:01:15]} 44. fxe5+ {[%emt 0:00:00]} Kg5 {[%emt 0:01:29]} 45. Rh4 {[%emt 0:00:00]} Bd5 {[%emt 0:00:29]} 46. Re1 {[%emt 0:00:00]} Re8 {[%emt 0:02:18]} 47. Kc2 {[%emt 0:00:00]} Rb8 {[%emt 0:01:24]} 48. e6 {[%emt 0:00:00]} Re8 {[%emt 0:04:11]} 49. e7 {[%emt 0:00:00]} Kf6 {[%emt 0:02:07]} 50. c4 {[%emt 0:00:00]} Bf7 {[%emt 0:01:08]} 51. Rd4 {[%emt 0:00:00]} Rg8 {[%emt 0:02:43]} 52. Rd6+ {[%emt 0:00:00]} Kg7 {[%emt 0:00:58]} 53. c5 {[%emt 0:00:00]} Be8 {[%emt 0:01:12]} 54. c6 {[%emt 0:00:00]} Kf7 {[%emt 0:01:12]} 55. c7 {[%emt 0:00:00]} Rh8 {[%emt 0:00:59]} 56. Rd8 {[%emt 0:00:00]} 1-0